| 000 | 00687nam a2200241u 4500 | ||
|---|---|---|---|
| 001 | 32825 | ||
| 003 | BD-RjUL | ||
| 005 | 20211209051912.0 | ||
| 008 | 140428s1910 enk 000 0 eng | ||
| 035 | _a(BD-RjUL)32915 | ||
| 040 |
_aDLC _cCarP _dBD-RjUL _beng |
||
| 041 | _aeng | ||
| 082 | 0 | 4 |
_a297.5 _bALA 1910 |
| 100 | 2 |
_aAl-Ghazzali, Abu Hamid _d1058-1111. _999806 |
|
| 245 | 1 | 4 |
_aThe alchemy of happiness / _cAl Ghazzali,translated by Claud Field |
| 260 |
_aLondon : _bJ. Murray, _c1910. |
||
| 300 |
_a115 p. ; _c17 cm. |
||
| 650 | 0 | 0 |
_aIslamic ethics _999807 |
| 700 | 1 |
_aField, Claud _d1863-1941, _etr. _997498 |
|
| 942 |
_2ddc _cBK |
||
| 999 |
_c32825 _d32825 |
||